header

Disarming manhood (Record no. 52673)

MARC details
000 -LEADER
fixed length control field 01842nam a2200409Ia 4500
082 04 - DEWEY DECIMAL CLASSIFICATION NUMBER
Classification number 303.6/1
100 1# - MAIN ENTRY--AUTHOR NAME
Personal name Richards, David A. J.
245 10 - TITLE STATEMENT
Title Disarming manhood
260 ## - PUBLICATION, DISTRIBUTION, ETC. (IMPRINT)
Place of publication Athens, Ohio :
Name of publisher Swallow Press,
Year of publication c2005.
300 ## - PHYSICAL DESCRIPTION
Number of Pages xii, 271 p.
505 0# - FORMATTED CONTENTS NOTE
Formatted contents note Introduction : ethical voice and resistance -- Ch. 1. Garrison and antebellum radical abolitionism : political theory and psychology -- Ch. 2. Tolstoy on nonviolence -- Ch. 3. Gandhi on nonviolence -- Ch. 4. King on nonviolence -- Ch. 5. Churchill's resisting voice -- Ch. 6. Disarming manhood.
650 #0 - SUBJECT ADDED ENTRY--TOPICAL TERM
Topical Term Passive resistance
Topical Term Feminist theory.
Topical Term Violence in men.
856 40 - ELECTRONIC LOCATION AND ACCESS
Uniform Resource Identifier http://site.ebrary.com/lib/rucke/Doc?id=10091941

No items available.

© 2026 Rongo University
Contact us: librarian | system librarian | Rongo university